000 01076nam a2200277 a 4500
001 ebr10630565
003 CaPaEBR
006 m u
007 cr cn|||||||||
008 121211s2013 enk s 001 0 eng d
020 _z9781118345566 (hardback)
020 _z9781118457870 (e-book)
040 _aCaPaEBR
_cCaPaEBR
035 _a(OCoLC)823731488
050 1 4 _aHF5415.5
_b.R63 2013eb
100 1 _aRobson, Kevin.
245 1 0 _aService-ability
_h[electronic resource] :
_bcreate a customer centric culture and gain competitive advantage /
_cKevin Robson.
260 _aChichester :
_bWiley,
_c2013.
300 _axvi, 261 p.
500 _aIncludes index.
533 _aElectronic reproduction.
_bPalo Alto, Calif. :
_cebrary,
_d2011.
_nAvailable via World Wide Web.
_nAccess may be limited to ebrary affiliated libraries.
650 0 _aCustomer services.
655 7 _aElectronic books.
_2local
710 2 _aebrary, Inc.
856 4 0 _uhttp://site.ebrary.com/lib/rucke/Doc?id=10630565
_zAn electronic book accessible through the World Wide Web; click to view
999 _c71507
_d71507